| 000 | 00374nam a22001337a 4500 | ||
|---|---|---|---|
| 020 | _a9789332514683 | ||
| 082 |
_222 _a005.133 |
||
| 100 | _aHorstmann, Cays and Cornell, Gary. | ||
| 245 | _aCore java advanced features 9 E / | ||
| 260 |
_aNew Delhi, _bDorling Kindersley India, Pvt.Ltd, _cc2013. |
||
| 300 |
_axx, 1118p. ; _bill. ; _c24 cm. |
||
| 400 | _av. ii | ||
| 942 |
_2ddc _cIT |
||
| 999 |
_c1255 _d1255 |
||